|
|
|
|
| LEADER |
00000nam a2200000 a 4500 |
| 001 |
vtls009630966 |
| 003 |
SK-MaSNL |
| 005 |
20260302043804.0 |
| 008 |
240313s2009 xo a g 000 j slo |
| 015 |
|
|
|a SNBA2009/08-04351
|
| 020 |
|
|
|a 9788096922666
|q (viaz.)
|
| 040 |
|
|
|a SNK
|b slo
|c SNK
|e AACR2
|
| 041 |
1 |
|
|a slo
|h eng
|
| 044 |
|
|
|a xo
|c SK
|
| 072 |
|
7 |
|a 821.111(73)-3
|x Americká próza
|2 konspekt
|
| 080 |
|
|
|a 821.111(73)-31
|2 2001
|
| 100 |
1 |
|
|a Saroyan, William,
|d 1908-1981
|4 aut
|9 98886
|
| 240 |
1 |
0 |
|a Tracy's Tiger
|l Slovensky
|
| 245 |
1 |
0 |
|a Tracyho tiger
|c William Saroyan ; [z anglického originálu preložil Marián Andričík ; ilustrovala Martina Matlovičová]
|
| 250 |
|
|
|a [1. vyd.]
|
| 260 |
|
|
|a Bratislava
|b Artforum
|c 2009
|
| 300 |
|
|
|a 134 s.
|b fareb. ilustr.
|c 15 cm
|
| 500 |
|
|
|a Rok ilustrácie 2009
|
| 650 |
0 |
7 |
|a papier
|2 BINPH
|9 19457
|
| 650 |
0 |
7 |
|a koláž
|2 BINPH
|9 404822
|
| 650 |
0 |
7 |
|a maľba akrylovými farbami
|2 BINPH
|9 87227
|
| 655 |
|
7 |
|a americké romány
|2 SNKPH
|9 1174
|
| 655 |
|
7 |
|a American fiction
|2 SNKPHeng
|9 281076
|
| 700 |
1 |
|
|a Andričík, Marián,
|d 1964-
|4 trl
|9 52158
|
| 700 |
1 |
|
|a Matlovičová-Králová, Martina,
|d 1975-
|4 ill
|9 202531
|
| 711 |
2 |
|
|a Najkrajšie a najlepšie detské knihy jari, leta, jesene a zimy na Slovensku
|n (20. :
|d 2009
|c Bratislava, Slovensko).
|e Najkrajšia detská kniha jari
|9 698461
|
| 711 |
2 |
|
|a Bienále ilustrácií Bratislava
|n (22. :
|d 2009 :
|c Bratislava, Slovensko).
|e Zlaté jablko
|9 404824
|
| 711 |
2 |
|
|a Najkrajšie knihy Slovenska
|n (XVIII. (46.) :
|d 2009
|c Bratislava, Slovensko).
|e Kategória: Krásna literatúra.
|e Cena MK SR autorovi za vynikajúce ilustrácie
|9 698462
|
| 919 |
|
|
|a 978-80-969226-6-6
|
| 958 |
|
|
|a UP
|
| 958 |
|
|
|a LX
|
| 968 |
|
|
|b ENG
|d 821
|
| 999 |
|
|
|c 1087918
|d 1089848
|
| 952 |
|
|
|a SNK
|b SNK
|y PREZ
|7 0
|p 17A0625285
|o snkSD 78378
|i snk2009/13505
|8 0
|0 0
|1 0
|4 0
|d 2009-07-24
|l 0
|r 2025-11-26 00:00:00
|w 2026-02-24
|
| 952 |
|
|
|a SNK
|b SNK
|y PREZ
|7 0
|p 17A0625284
|o snkSD 78378 D1
|i snk2009/13506
|8 0
|0 0
|1 0
|4 0
|d 2009-07-24
|l 0
|r 2017-06-30 00:00:00
|w 2026-02-24
|
| 952 |
|
|
|a SNKLM
|b SNKLM
|y NEVYP
|7 0
|o snklmKK 1329
|i snklmKk2010/9
|8 7
|0 0
|1 0
|4 0
|d 2010-12-14
|l 0
|r 2026-02-24 16:47:37
|w 2026-02-24
|